Memoria (Record no. 7873)
[ view plain ]
| 000 -CABECERA | |
|---|---|
| campo de control de longitud fija | 00698nam a2200217 a 4500 |
| 001 - NÚMERO DE CONTROL | |
| campo de control | BRCA_8205 |
| 005 - FECHA Y HORA DE LA ÚLTIMA TRANSACCIÓN | |
| campo de control | 20190320210156.0 |
| 008 - DATOS DE LONGITUD FIJA--INFORMACIÓN GENERAL | |
| campo de control de longitud fija | 150514s1957----mx-ac##f##---#000-0#spa-# |
| 041 ## - CÓDIGO DE LENGUA | |
| Código de lengua del texto/banda sonora o título independiente | spa |
| 044 ## - CÓDIGO DEL PAÍS DE LA ENTIDAD EDITORA/PRODUCTORA | |
| Código MARC del país | mx |
| 050 #4 - SIGNATURA TOPOGRÁFICA DE LA BIBLIOTECA DEL CONGRESO | |
| Número de clasificación | HF5001 |
| Número de documento/Ítem | .R68 |
| -- | 1957 |
| 110 2# - ENTRADA PRINCIPAL--NOMBRE DE ENTIDAD CORPORATIVA | |
| Nombre de entidad corporativa o nombre de jurisdicción como elemento de entrada | Rotary International |
| 9 (RLIN) | 20448 |
| 245 10 - MENCIÓN DE TÍTULO | |
| Título | Memoria |
| Resto del título | XXXIV Conferencia del Distrito 106 |
| Mención de responsabilidad, etc. | Rotary International |
| 260 ## - PUBLICACIÓN, DISTRIBUCIÓN, ETC. | |
| Lugar de publicación, distribución, etc. | México |
| Nombre del editor, distribuidor, etc. | Club Rotario |
| Fecha de publicación, distribución, etc. | 1957 |
| 300 ## - DESCRIPCIÓN FÍSICA | |
| Extensión | 165 p. |
| Otras características físicas | il., fotos, planos |
| Dimensiones | 21 cm. |
| 500 ## - NOTA GENERAL | |
| Nota general | U85 |
| 650 14 - PUNTO DE ACCESO ADICIONAL DE MATERIA--TÉRMINO DE MATERIA | |
| Término de materia o nombre geográfico como elemento de entrada | Memorias |
| Subdivisión de forma | Club financiero |
| Subdivisión geográfica | México |
| 9 (RLIN) | 20449 |
| 711 2# - PUNTO DE ACCESO ADICIONAL--NOMBRE DE REUNIÓN/CONGRESO | |
| Nombre de congreso/reunión o jurisdicción como elemento de entrada | XXXIV Conferencia del Distrito 106 |
| Fecha del congreso/reunión | 6 al 9 de marzo de 1957 |
| Sede del congreso/Lugar de la reunión | Club Rotario Tacubaya, Ciudad de México |
| 9 (RLIN) | 20450 |
| 902 ## - CATALOGADOR | |
| Iniciales | GFM |
| 942 ## - ELEMENTOS DE PUNTO DE ACCESO ADICIONAL (KOHA) | |
| Fuente del sistema de clasificación o colocación | Library of Congress Classification |
| Tipo de ítem Koha | Libros |
| Estado de retiro | Estado de pérdida | Estado dañado | No para préstamo | Localización permanente | Ubicación/localización actual | Fecha de adquisición | Número de inventario | Total de préstamos | Signatura topográfica completa | Código de barras | Fecha visto por última vez | Precio válido a partir de | Tipo de ítem Koha |
|---|---|---|---|---|---|---|---|---|---|---|---|---|---|
| El ejemplar forma parte de la colección y puede ser consultado según las políticas vigentes. | Biblioteca del Museo Franz Mayer (Rogerio Casas-Alatriste) | Biblioteca del Museo Franz Mayer (Rogerio Casas-Alatriste) | 15/05/2014 | U85 | HF5001 .R68 1957 (U85) | 8829 | 22/03/2019 | 22/03/2019 | Libros |